| 000 | 00872nam a2200193 i 4500 | ||
|---|---|---|---|
| 001 | 70213 | ||
| 003 | ES-MaACL | ||
| 005 | 20230906170745.0 | ||
| 007 | t| | ||
| 008 | 040720s1959 sp ||||1| spa d | ||
| 100 | 1 |
_aGarcía Prado, Justiniano. _955134 |
|
| 245 | 1 | 0 |
_aGuerra de la independencia (1808-1814) _b: "Asturias, nunca vencida" en operaciones militares en el principado / _cpor Justiniano García Prado. |
| 260 |
_a[Oviedo : _bs.n., _c1959] ( _fTip. Residencia Provincial de Niños) |
||
| 300 |
_a157 p., 25 lám. : _bil. ; _c24 cm. |
||
| 500 | _aPrecede al tít.: Diputación Provincial de Oviedo, II Congreso Internacional de la Guerra de la Independencia. | ||
| 710 | 0 | 0 |
_aOviedo (Provincia). _bDiputación Provincial. _96085 |
| 711 | 2 |
_aCongreso Internacional de la Guerra de la Independencia ( _n2º. _cOviedo) _9439 |
|
| 852 |
_aES-MaACL _jC-16946 _bR.44578 |
||
| 999 |
_c70213 _d70213 |
||